00703nam a2200193 i 4500001000700000003000900007005001700016008004100033040001300074080002100087100002300108245007500131260006500206300004600271490006000317700003500377830006000412852003700472162784ES-MaACL20250820142434.0940615s1891 sp a |||| | spa d aAR bspa a821.134.2-14"18"1 aQuerol, Vicente W.10aRimas / cde Vicente W. Querol ; con un prólogo de Teodoro Llorente. aMadrid : b[s.n.], c1891 (fImp. y Fundición de M. Tello) aXLIV, 365 p., [1] h. de lám. ; c18 cm.1 aColección de escritores castellanos. Líricos ; v901 aLlorente, Teodoro, d1836-19110 aColección de escritores castellanos. Líricos ; v90 aES-MaACLjF-12659 z-- Enc. hol.